[Event "Matanzas Municipal Colon"]
[Site "Matanzas"]
[Date "2009.08.24"]
[Round "15"]
[White "Borges Feria, Yasel"]
[Black "Carvajal Sanchez, Daynel"]
[Result "1-0"]
[WhiteElo "2418"]
[BlackElo "2096"]
[PlyCount "55"]
[EventDate "2009.08.15"]
[EventType "tourn"]
[EventRounds "21"]
[EventCountry "CUB"]
[SourceTitle "CBM 132 Extra"]
[Source "ChessBase"]
[SourceDate "2009.11.03"]
[SourceVersion "1"]
[SourceVersionDate "2009.11.03"]
[SourceQuality "1"]

1. e4 c5 2. Nf3 d6 3. d4 cxd4 4. Nxd4 Nf6 5. Nc3 a6 6. Be3 e6 7. g4 b5 8. g5 Nfd7 9. Bd3 Bb7 10. a3 Nb6 11. Qe2 N8d7 12. f4 Rc8 13. 0-0 Nc4 14. Bxc4 Rxc4 15. a4 e5 16. fxe5 Nxe5 17. axb5 axb5 18. Ra7 Qb8 19. b3 Qxa7 20. bxc4 Qa5 21. Ncxb5 g6 22. Nb3 Qd8 23. c5 Bxe4 24. Bf4 d5 25. Bxe5 Qxg5+ 26. Bg3 h5 27. Nc7+ Ke7 28. c4 1-0

[Event "Matanzas Municipal Colon"]
[Site "Matanzas"]
[Date "2009.08.24"]
[Round "14"]
[White "Herrera Perez, Juventino"]
[Black "Carvajal Sanchez, Daynel"]
[Result "1-0"]
[WhiteElo "2113"]
[BlackElo "2096"]
[PlyCount "67"]
[EventDate "2009.08.15"]
[EventType "tourn"]
[EventRounds "21"]
[EventCountry "CUB"]
[SourceTitle "CBM 132 Extra"]
[Source "ChessBase"]
[SourceDate "2009.11.03"]
[SourceVersion "1"]
[SourceVersionDate "2009.11.03"]
[SourceQuality "1"]

1. e4 e5 2. Bc4 Nf6 3. d3 c6 4. Nf3 d5 5. Bb3 Bg4 6. h3 Bxf3 7. Qxf3 dxe4 8. dxe4 Nbd7 9. c3 Bc5 10. Bg5 a5 11. Nd2 a4 12. Bc2 b5 13. 0-0 h6 14. Bh4 g5 15. Bg3 h5 16. Qf5 Qe7 17. Nf3 g4 18. Nxe5 h4 19. Nxd7 Nxd7 20. Bf4 Qe6 21. hxg4 Rg8 22. g5 Be7 23. Rfe1 0-0-0 24. e5 Bxg5 25. Bxg5 Qxf5 26. Bxf5 Rxg5 27. Bh3 Kc7 28. f4 Rg3 29. Rad1 a3 30. bxa3 Rxc3 31. e6 fxe6 32. Rxe6 Rf8 33. Rxd7+ Kxd7 34. Re3+ 1-0

[Event "Matanzas Municipal Colon"]
[Site "Matanzas"]
[Date "2009.08.23"]
[Round "13"]
[White "Carvajal Sanchez, Daynel"]
[Black "Fernandez Reyes, Lisandro"]
[Result "0-1"]
[WhiteElo "2096"]
[BlackElo "2312"]
[PlyCount "74"]
[EventDate "2009.08.15"]
[EventType "tourn"]
[EventRounds "21"]
[EventCountry "CUB"]
[SourceTitle "CBM 132 Extra"]
[Source "ChessBase"]
[SourceDate "2009.11.03"]
[SourceVersion "1"]
[SourceVersionDate "2009.11.03"]
[SourceQuality "1"]

1. e4 c5 2. Nf3 Nc6 3. Bc4 e5 4. Nc3 d6 5. 0-0 Be7 6. d3 Nf6 7. Nd5 Nxd5 8. exd5 Nb8 9. Nd2 Nd7 10. a4 0-0 11. a5 a6 12. Qf3 f5 13. Bb3 Nf6 14. Nc4 Kh8 15. Nb6 Rb8 16. Bc4 f4 17. Nxc8 Qxc8 18. Bd2 Qf5 19. h3 h5 20. Rab1 g5 21. Qe2 g4 22. Kh2 Rg8 23. Rg1 Rg7 24. Rbf1 Rbg8 25. Qd1 Nh7 26. Bc1 Bh4 27. g3 Ng5 28. hxg4 hxg4 29. Rh1 Rh7 30. Kg2 f3+ 31. Kh2 Ne4 32. Bh6 Rxh6 33. Kg1 Qh7 34. dxe4 Bg5 35. Rxh6 Qxh6 36. Be2 Rf8 37. Re1 Kg7 0-1